[Event "Xtracon Chess Open 2018"]
[Site "Elsinore"]
[Date "2018.07.28"]
[Round "9"]
[White "Antonsen, Mikkel"]
[Black "Ongut, Tamas Gunes"]
[Result "1-0"]
[WhiteElo "2452"]
[BlackElo "2220"]
[EventDate "2018.07.21"]
[WhiteFideId "1401378"]
[BlackFideId "770280"]

1.d4 Nf6 2.c4 c5 3.d5 e6 4.Nc3 exd5 5.cxd5 g6 6.Bf4 d6 7.Nf3 Bg7 8.Qa4+ 
Bd7 9.Qb3 b5 10.Bxd6 Qb6 11.Be5 O-O 12.e3 c4 13.Qd1 Na6 14.a4 b4 15.Nb5 
Rac8 16.Nd6 Rc5 17.Nxc4 Qd8 18.Ncd2 Bc8 19.Bc4 Nxd5 20.Bxg7 Kxg7 21.O-O 
Nac7 22.Qb3 a5 23.Ne4 Rc6 24.Rfd1 Be6 25.Nd4 Rb6 26.Nxe6+ fxe6 27.Qd3 Qe7 
28.Rac1 Rbb8 29.Qd4+ Kg8 30.Qe5 Rbd8 31.Bb3 Rf5 32.Qg3 1-0

[Event "Xtracon Chess Open 2018"]
[Site "Elsinore"]
[Date "2018.07.28"]
[Round "9"]
[White "Weber, Samuel"]
[Black "Bjerre, Jonas Buhl"]
[Result "0-1"]
[WhiteElo "2197"]
[BlackElo "2436"]
[EventDate "2018.07.21"]
[WhiteFideId "12924008"]
[BlackFideId "1444948"]

1.Nf3 c5 2.g3 Nc6 3.Bg2 Nf6 4.d3 d5 5.O-O e5 6.Nbd2 Be7 7.e4 O-O 8.exd5 
Nxd5 9.Re1 f6 10.c3 Nc7 11.Nb3 Bf5 12.Be3 Na6 13.Nc1 Qd7 14.a3 Nc7 15.Nd2 
Kh8 16.Ne4 b6 17.Qa4 b5 18.Qc2 Ne6 19.Rd1 Rac8 20.Qe2 Bg6 21.Nb3 Ncd8 22.
d4 exd4 23.cxd4 c4 24.d5 cxb3 25.dxe6 Qxe6 26.Nc3 Bc2 27.Re1 a6 28.Bd5 Qf5
29.Bd4 Bd6 30.Be4 Bxe4 31.Nxe4 Be5 32.Bxe5 Qxe5 33.Rad1 Nf7 34.f4 Qe6 35.
Qh5 g6 36.Qh4 Qb6+ 37.Kh1 Kg7 38.Nc3 Rfe8 39.Qh3 Qf2 40.Rxe8 Rxe8 41.Qd7 
Rd8 42.Qg4 f5 0-1

[Event "Xtracon Chess Open 2018"]
[Site "Elsinore"]
[Date "2018.07.28"]
[Round "9"]
[White "Andersen, Morten"]
[Black "Akesson, Ralf"]
[Result "0-1"]
[WhiteElo "2174"]
[BlackElo "2397"]
[EventDate "2018.07.21"]
[WhiteFideId "1504908"]
[BlackFideId "1700120"]

1.e4 c5 2.Nf3 d6 3.d4 cxd4 4.Nxd4 Nf6 5.Nc3 a6 6.Bg5 e6 7.f4 h6 8.Bh4 Qb6 
9.Qd2 Qxb2 10.Rb1 Qa3 11.e5 dxe5 12.fxe5 Nfd7 13.Be2 Be7 14.Bxe7 Qxe7 15.
O-O O-O 16.Rbe1 Nxe5 17.Kh1 Nbd7 18.Ne4 b5 19.Bd3 Nxd3 20.cxd3 Bb7 21.Re3 
f5 22.Nc3 Rf6 23.Rxf5 Rxf5 24.Nxf5 Qf6 25.Ng3 Rf8 26.Re1 Qf2 27.Qxf2 Rxf2 
28.Nge4 Bxe4 29.Nxe4 Rxa2 30.h4 b4 31.Kh2 a5 32.d4 Kf7 33.h5 a4 34.Rb1 b3 
35.Nc3 Rd2 36.Nxa4 Rxd4 37.Nc3 Nc5 38.Ne2 Rd2 39.Nc3 b2 40.Nd1 Na4 0-1

[Event "Xtracon Chess Open 2018"]
[Site "Elsinore"]
[Date "2018.07.28"]
[Round "9"]
[White "Lindgren, Philip"]
[Black "Sorensen, Hampus"]
[Result "1/2-1/2"]
[WhiteElo "2394"]
[BlackElo "2204"]
[EventDate "2018.07.21"]
[WhiteFideId "1713230"]
[BlackFideId "8703884"]

1.c4 e5 2.g3 Nf6 3.Bg2 d5 4.cxd5 Nxd5 5.Nc3 Nb6 6.Nf3 Nc6 7.O-O Be7 8.a3 
O-O 9.b4 Be6 10.Rb1 f6 11.d3 Nd4 12.Nd2 Nd5 13.Bb2 Nxc3 14.Bxc3 c6 15.Ne4 
Bd5 16.Bxd4 exd4 17.Qc2 a5 18.bxa5 Rxa5 19.Rxb7 Bxa3 20.Nd2 Bxg2 21.Kxg2 
Qd5+ 22.Kg1 Rb5 23.Rb1 Re8 24.Ne4 Bf8 25.Rb2 Ra8 26.Qd1 Ra2 27.Rb1 Ra8 28.
Nd2 Re8 29.Nf3 Rxb7 30.Rxb7 c5 31.Rb2 Qe6 32.Kg2 Qd5 33.Kf1 Rc8 34.Rc2 Ra8
35.Kg2 Ra3 36.Qd2 Ra1 37.h4 Qb3 38.Rb2 Qd5 39.Qf4 Bd6 40.Qg4 Bf8 41.Rb8 
Ra2 42.Re8 Qc6 43.Re4 Ra8 44.h5 Qc8 45.Qxc8 Rxc8 46.g4 Kf7 47.Nd2 Rd8 48.
Nc4 Bd6 49.f4 g6 50.hxg6+ hxg6 51.f5 gxf5 52.gxf5 Rg8+ 53.Kh3 Be7 54.Rg4 
Ra8 55.Kg3 Ra1 56.Rf4 Rg1+ 57.Kf2 Rh1 58.Kg2 Rh5 59.Kg3 Rg5+ 60.Kf3 Rh5 
61.Ke4 Rh2 62.e3 dxe3 63.Kxe3 Bf8 64.Ke4 Re2+ 65.Kd5 Re8 66.Kc6 Rd8 67.Rf3
Rd4 68.Kb5 Kg7 69.Nb6 Kf7 70.Kc6 Rd6+ 71.Kc7 Rd4 72.Kc6 Rd6+ 73.Kb5 Rd4 
74.Nc4 Kg7 75.Na3 Kf7 76.Nc2 Rd8 77.Kc4 Ra8 78.Ne3 Ra4+ 79.Kb3 Rd4 80.Nc2 
Rd8 81.Kc3 Kg7 82.Ne3 Kf7 83.Rf1 Bh6 84.Nc4 Rd5 85.Nb6 Rd6 86.Na4 Bf8 87.
Nb2 Rd8 88.Nc4 Rd5 89.Nd2 Rd7 90.Ne4 Ra7 91.Rb1 Be7 92.Rb5 Ra3+ 93.Kd2 
Ra2+ 94.Ke3 Rc2 95.Rb7 Ke8 96.Rb6 Kf7 97.Rc6 Rc1 98.Ke2 Rc2+ 99.Kd1 Rh2 
100.Nxc5 Bxc5 101.Rxc5 Ke7 102.Rc2 Rh5 103.Rf2 Kd6 104.Kd2 Ke5 105.Ke3 
Rxf5 106.d4+ Ke6 107.Rxf5 Kxf5 1/2-1/2

[Event "Xtracon Chess Open 2018"]
[Site "Elsinore"]
[Date "2018.07.28"]
[Round "9"]
[White "Sawatzki, Frank"]
[Black "Hartung-Nielsen, Jens"]
[Result "1-0"]
[WhiteElo "2380"]
[BlackElo "2207"]
[EventDate "2018.07.21"]
[WhiteFideId "4613600"]
[BlackFideId "1400690"]

1.e4 c5 2.Nf3 g6 3.d4 cxd4 4.Nxd4 Bg7 5.c4 Nc6 6.Be3 Nf6 7.Nc3 O-O 8.Be2 
d6 9.Qd2 Bd7 10.O-O Nxd4 11.Bxd4 Bc6 12.f3 Nd7 13.Be3 a5 14.Rac1 Nc5 15.
Rfd1 Be5 16.Qe1 Qb6 17.Rc2 f5 18.Nd5 Bxd5 19.exd5 f4 20.Bf2 Qc7 21.b3 e6 
22.dxe6 Rae8 23.Qd2 Rxe6 24.Qd5 Re8 25.Rb1 Kh8 26.Bf1 Qg7 27.Qd2 b6 28.Rd1
g5 29.Re1 Bf6 30.Rxe6 Rxe6 31.Qd5 Qe7 32.Qd1 Qg7 33.Rd2 Be5 34.a3 g4 35.
fxg4 Ne4 36.Rd3 Nxf2 37.Kxf2 b5 38.cxb5 Qa7+ 39.Kf3 Bg7 40.g5 Re3+ 41.Rxe3
Qxe3+ 42.Kg4 Qe6+ 43.Kh4 h6 44.Bc4 hxg5+ 45.Kh5 Qh6+ 46.Kg4 Qh4+ 47.Kf5 
Qh7+ 48.Ke6 Qe4+ 49.Kd7 Qb7+ 50.Ke6 Qe4+ 51.Kxd6 Bf8+ 52.Kc7 Qe5+ 53.Kb7 
Qe7+ 54.Ka6 Qf6+ 55.Kxa5 Bxa3 56.Qd5 Qf8 57.Qe5+ Kh7 58.Bd3+ 1-0

[Event "Xtracon Chess Open 2018"]
[Site "Elsinore"]
[Date "2018.07.28"]
[Round "9"]
[White "Haubro, Martin"]
[Black "Skousen, Nikolai"]
[Result "1/2-1/2"]
[WhiteElo "2373"]
[BlackElo "2203"]
[EventDate "2018.07.21"]
[WhiteFideId "1414291"]
[BlackFideId "1401432"]

1.e4 c5 2.Nf3 g6 3.d4 cxd4 4.Nxd4 Nc6 5.c4 Nf6 6.Nc3 d6 7.Be2 Nxd4 8.Qxd4 
Bg7 9.Be3 O-O 10.Qd2 a5 11.O-O a4 12.Rac1 Be6 13.f4 Qa5 14.f5 gxf5 15.exf5
Bxf5 16.Nd5 e6 17.Ne7+ Kh8 18.Nxf5 exf5 19.Qd3 Ne4 20.g4 Rae8 21.Rxf5 Re5 
22.Rcf1 Nc5 23.Rxe5 Bxe5 24.Qf5 Qb4 25.Rf3 Rg8 26.h3 Qxb2 27.Kf1 Qa1+ 28.
Kg2 Qxa2 29.Rf2 Qb3 1/2-1/2

[Event "Xtracon Chess Open 2018"]
[Site "Elsinore"]
[Date "2018.07.28"]
[Round "9"]
[White "Tiarks, Jann-Christian"]
[Black "Pantzar, Milton"]
[Result "0-1"]
[WhiteElo "2179"]
[BlackElo "2333"]
[EventDate "2018.07.21"]
[WhiteFideId "12951595"]
[BlackFideId "1721003"]

1.e4 e5 2.Nf3 Nc6 3.d4 exd4 4.Nxd4 Bb4+ 5.c3 Bc5 6.Be3 Bb6 7.Bc4 Nf6 8.Nd2
O-O 9.O-O Ne5 10.Bg5 h6 11.Bh4 g5 12.f4 Nxc4 13.Nxc4 Bxd4+ 14.cxd4 gxh4 
15.e5 d5 16.Ne3 Ne4 17.Qh5 Kh7 18.Nf5 Bxf5 19.Qxf5+ Kh8 20.Qh5 Kh7 21.Qf5+
Kg7 22.Qg4+ Kh8 23.Qh5 Re8 24.Rf3 Re6 25.f5 Rc6 26.f6 Qg8 27.Qxh6+ Qh7 28.
Qf4 Rg8 29.Rh3 Ng5 30.Rc3 Rxc3 31.bxc3 0-1

[Event "Xtracon Chess Open 2018"]
[Site "Elsinore"]
[Date "2018.07.28"]
[Round "9"]
[White "Chittka, Julius"]
[Black "Grove, Peter"]
[Result "1-0"]
[WhiteElo "2333"]
[BlackElo "2202"]
[EventDate "2018.07.21"]
[WhiteFideId "12954772"]
[BlackFideId "1411101"]

1.d4 Nf6 2.c4 c5 3.d5 b5 4.cxb5 a6 5.Nc3 g6 6.e4 d6 7.Nf3 Bg7 8.a4 O-O 9.
Bf4 Qa5 10.Bd2 Bg4 11.h3 Bd7 12.Ra3 Qd8 13.Bc4 Nxe4 14.Nxe4 Bxb2 15.Rb3 
axb5 16.Rxb2 bxc4 17.Bc3 Bf5 18.Re2 Nd7 19.O-O Qb8 20.Qd2 f6 21.a5 Ne5 22.
Nxe5 fxe5 23.f4 1-0

[Event "Xtracon Chess Open 2018"]
[Site "Elsinore"]
[Date "2018.07.28"]
[Round "9"]
[White "Nielsen, Viktor Haarmark"]
[Black "Johannsson, Orn Leo"]
[Result "1/2-1/2"]
[WhiteElo "2332"]
[BlackElo "2196"]
[EventDate "2018.07.21"]
[WhiteFideId "1444492"]
[BlackFideId "2303051"]

1.e4 e6 2.d4 d5 3.Nc3 Bb4 4.e5 Qd7 5.a3 Bxc3+ 6.bxc3 b6 7.Qg4 f5 8.Qh5+ 
Qf7 9.Qxf7+ Kxf7 10.h4 Ba6 11.Bd3 c5 12.dxc5 bxc5 13.Be3 c4 14.Be2 Nd7 15.
Nf3 h6 16.Kd2 Ne7 17.Bd4 Nc6 18.Ke3 g6 19.Kf4 Nxd4 20.cxd4 Rab8 21.Rab1 
Rxb1 22.Rxb1 Rb8 23.Rxb8 Nxb8 24.Ke3 Bb5 25.g3 1/2-1/2

[Event "Xtracon Chess Open 2018"]
[Site "Elsinore"]
[Date "2018.07.28"]
[Round "9"]
[White "Vesterli, Michael E."]
[Black "Taylor, Adam C"]
[Result "0-1"]
[WhiteElo "2159"]
[BlackElo "2326"]
[EventDate "2018.07.21"]
[WhiteFideId "1417339"]
[BlackFideId "424668"]

1.d4 Nf6 2.c4 c5 3.d5 b5 4.cxb5 a6 5.bxa6 g6 6.Nc3 Bg7 7.Nf3 O-O 8.e4 Qa5 
9.Bd2 Bxa6 10.Be2 Qb4 11.Bxa6 Nxa6 12.Qc2 Qc4 13.b3 Nb4 14.Qb1 Qa6 15.a4 
Ng4 16.Nb5 Qxb5 0-1

[Event "Xtracon Chess Open 2018"]
[Site "Elsinore"]
[Date "2018.07.28"]
[Round "9"]
[White "Jacobsen, Mikkel Manosri"]
[Black "Roseneck, Jonas"]
[Result "1/2-1/2"]
[WhiteElo "2320"]
[BlackElo "2182"]
[EventDate "2018.07.21"]
[WhiteFideId "1444514"]
[BlackFideId "12939870"]

1.d4 Nf6 2.c4 e6 3.Nf3 d5 4.e3 b6 5.cxd5 exd5 6.Nc3 Bb7 7.Qc2 Nbd7 8.Bd3 
a6 9.O-O Be7 10.b3 O-O 11.Bb2 Re8 12.Ne5 Bd6 13.f4 Nf8 14.Ne2 c5 15.Ng3 
Rc8 16.Qe2 b5 17.a4 c4 18.bxc4 dxc4 19.Bf5 Rc7 20.axb5 axb5 21.Bc2 c3 22.
Bc1 b4 23.e4 Bxe5 24.dxe5 N6d7 25.Qb5 Qe7 26.Rb1 Qe6 27.Qxb4 Ba6 28.Rd1 
Rb8 29.Qd6 Rcb7 30.Ra1 Bc4 31.Qd4 Qb6 32.Ra3 Qxd4+ 33.Rxd4 Bb3 34.Rxb3 
Rxb3 35.Bxb3 Rxb3 36.Rc4 g5 37.Kf2 gxf4 38.Bxf4 Kg7 39.Nf5+ Kg6 40.g3 Ne6 
41.Rc8 Rb8 42.Rxb8 Nxb8 43.Ke3 Nd7 44.Ne7+ Kh5 45.Kd3 1/2-1/2

[Event "Xtracon Chess Open 2018"]
[Site "Elsinore"]
[Date "2018.07.28"]
[Round "9"]
[White "Dishman, Stephen"]
[Black "Ivarsson, Torbjorn"]
[Result "0-1"]
[WhiteElo "2320"]
[BlackElo "2161"]
[EventDate "2018.07.21"]
[WhiteFideId "403024"]
[BlackFideId "1705865"]

1.d4 e6 2.Nf3 f5 3.Bf4 Nf6 4.e3 b6 5.c4 Bb7 6.Be2 Bb4+ 7.Nbd2 O-O 8.O-O 
Be7 9.h3 Ne4 10.Nxe4 Bxe4 11.Nd2 Bb7 12.Bf3 Qc8 13.Rc1 d6 14.b4 Nd7 15.c5 
Bxf3 16.Nxf3 bxc5 17.bxc5 dxc5 18.Qb3 Nb6 19.dxc5 Nd5 20.Be5 Qa6 21.Nd4 
Rab8 22.Qc4 Qxc4 23.Rxc4 Kf7 24.Rfc1 Rb4 25.Nc6 Rb5 26.Bd4 Ra8 27.g4 a5 
28.a4 Rb3 29.Rd1 g6 30.Kg2 Bf6 31.gxf5 gxf5 32.Bxf6 Kxf6 33.Rh4 Rg8+ 34.
Kf3 f4 35.Re1 fxe3 36.fxe3 Rc3 37.Nxa5 Rxc5 38.Nc4 Rb8 39.Nd2 Nc3 40.Rh6+ 
Kg7 41.Rxe6 Rg5 42.Kf4 h6 43.e4 Rf8+ 44.Ke3 Rg3+ 45.Kd4 Rd8+ 46.Kc4 Rxd2 
47.Re7+ Kg6 48.Rxc7 Nxa4 49.Rc6+ Kh5 50.Kb5 Nc3+ 51.Kb6 Rxh3 52.Rg1 Nxe4 
53.Rgg6 Rd6 54.Rcxd6 Nxd6 55.Rxd6 Rc3 56.Rd5+ Kg4 57.Rd4+ Kg3 58.Rd5 Rf3 
59.Rh5 Rf6+ 60.Kc5 Kg4 61.Rh1 h5 62.Rg1+ Kh3 63.Rh1+ Kg4 64.Rg1+ Kh4 65.
Rh1+ Kg5 66.Rg1+ Kh6 67.Rh1 Rf4 68.Kd5 h4 69.Ke5 Kg5 70.Rg1+ Rg4 71.Rh1 
Rg2 72.Ke4 Kg4 73.Ke3 h3 74.Ra1 h2 75.Rh1 Kg3 76.Rf1 Rg1 77.Rf3+ Kg4 0-1

[Event "Xtracon Chess Open 2018"]
[Site "Elsinore"]
[Date "2018.07.28"]
[Round "9"]
[White "Rydstrom, Tom"]
[Black "Kistrup, Nicolai"]
[Result "1/2-1/2"]
[WhiteElo "2307"]
[BlackElo "2154"]
[EventDate "2018.07.21"]
[WhiteFideId "1714830"]
[BlackFideId "1444816"]

1.e4 e5 2.Nf3 Nc6 3.Bb5 a6 4.Ba4 Nf6 5.d3 b5 6.Bb3 Be7 7.Nbd2 O-O 8.Nf1 d6
9.c3 Na5 10.Bc2 c5 11.Ng3 Nc6 12.O-O Re8 13.h3 h6 14.Bd2 d5 15.Re1 Bf8 16.
a4 Rb8 17.axb5 axb5 18.Qe2 g6 19.Nh2 d4 20.Rf1 Bg7 21.Kh1 Be6 22.f4 exf4 
23.Bxf4 Rc8 24.Nf3 dxc3 25.bxc3 Nd7 26.Rab1 Qa5 27.Bd2 Bxc3 28.Bxh6 Nd4 
29.Nxd4 Bxd4 30.Bd2 Qc7 31.Qe1 Rb8 32.Ne2 Bg7 33.Nf4 Ba2 34.Rc1 b4 35.Bb1 
Bxb1 36.Rxb1 Nb6 37.Qc1 Qd6 38.Be3 Rec8 39.Qd2 Rc7 40.Qf2 Rd7 41.Bxc5 Qc6 
42.Rxb4 Rdb7 43.Be3 Nd7 44.Rxb7 Qxb7 45.Nd5 f6 46.Bd4 Rf8 47.Qg3 Kf7 48.
Qd6 Kg8 49.Nc7 Rf7 50.Ne6 Qc8 51.Qg3 g5 52.Qg4 Nf8 53.Nxg7 Qxg4 54.hxg4 
Kxg7 55.Bb2 Ne6 56.Rf5 Kg6 57.g3 Ng7 58.Rf2 Ne8 59.Kg2 Rd7 60.d4 Nd6 61.
Kf3 Re7 62.Ba3 Rd7 63.Bxd6 Rxd6 64.Ke3 Ra6 65.d5 Ra3+ 66.Kd4 Ra4+ 67.Ke3 
Ra3+ 68.Ke2 Rxg3 69.d6 Ra3 70.Rf5 Ra7 71.Ke3 Rd7 72.Rd5 Kf7 73.Kd4 Ke6 74.
Kc5 Rd8 75.Kc6 Rc8+ 76.Kb6 Kd7 77.Rc5 Rb8+ 78.Ka7 Rb4 79.Rf5 Rxe4 80.Rxf6 
Rxg4 81.Kb6 Rg1 82.Kc5 Rc1+ 83.Kd5 Rd1+ 84.Ke5 Re1+ 85.Kf5 Rf1+ 86.Kxg5 
Rxf6 87.Kxf6 Kxd6 1/2-1/2

[Event "Xtracon Chess Open 2018"]
[Site "Elsinore"]
[Date "2018.07.28"]
[Round "9"]
[White "Jorgensen, Dennis"]
[Black "Tryggestad, Andreas Garberg"]
[Result "0-1"]
[WhiteElo "2147"]
[BlackElo "2302"]
[EventDate "2018.07.21"]
[WhiteFideId "1408380"]
[BlackFideId "1513338"]

1.Nf3 Nf6 2.d4 g6 3.g3 Bg7 4.Bg2 O-O 5.O-O d5 6.c3 b6 7.Ne5 Bb7 8.Nd2 Nbd7
9.Ndf3 Ne4 10.Bf4 Nd6 11.Qb3 e6 12.Nxd7 Qxd7 13.Ne5 Qe7 14.h4 h6 15.Rad1 
Ba6 16.Rfe1 Rfc8 17.Qa3 Bb7 18.Nd3 Qd7 19.Ne5 Qb5 20.b3 Kh7 21.c4 Qe8 22.
cxd5 exd5 23.Bh3 Rd8 24.Rc1 Bc8 25.Bg2 Be6 26.Qb2 Rdc8 27.Rc2 Ne4 28.Qc1 
c5 29.f3 Nf6 30.dxc5 bxc5 31.Rxc5 Nh5 32.Nc6 Nxf4 33.gxf4 Bf8 34.Rc2 Bf5 
35.e4 dxe4 36.fxe4 Bd7 37.Ne5 Rxc2 38.Qxc2 Rc8 39.Qd3 Bc5+ 40.Kh1 Qe7 41.
Qg3 Be6 42.Nd3 Bd6 43.Qf2 Rc3 44.Bf1 Bc7 45.h5 g5 46.f5 Bc8 47.Qd4 Rc2 48.
Bg2 Rd2 49.Qc3 Qd6 50.e5 Rxd3 51.exd6 Rxc3 52.dxc7 Kg7 53.Re5 Rxc7 54.Ra5 
Kf6 55.Be4 Re7 56.Bd3 g4 57.Kh2 Kg5 58.Bc4 f6 59.Be6 Bxe6 60.fxe6+ f5 61.
Kg3 Rxe6 62.Rxa7 f4+ 63.Kf2 Rc6 64.Ra5+ Kh4 65.b4 Rc2+ 66.Ke1 Rb2 67.a3 g3
0-1

[Event "Xtracon Chess Open 2018"]
[Site "Elsinore"]
[Date "2018.07.28"]
[Round "9"]
[White "Lammers, Markus"]
[Black "Thybo, Thomas Sondergaard"]
[Result "1-0"]
[WhiteElo "2293"]
[BlackElo "2146"]
[EventDate "2018.07.21"]
[WhiteFideId "4680847"]
[BlackFideId "1441299"]

1.Nf3 d5 2.d4 Nf6 3.c4 e6 4.e3 a6 5.b3 c5 6.Bd3 cxd4 7.exd4 Nc6 8.Bb2 g6 
9.O-O Bg7 10.Nbd2 O-O 11.Rc1 b6 12.Ba3 Re8 13.cxd5 Qxd5 14.Nc4 Nxd4 15.
Nxd4 Qxd4 16.Qc2 Bb7 17.Rfd1 Qg4 18.Bf1 Bf3 19.Rd6 Ne4 20.Ne3 Qg5 21.Rd3 
Be5 22.Nc4 Bh5 23.Re3 1-0

[Event "Xtracon Chess Open 2018"]
[Site "Elsinore"]
[Date "2018.07.28"]
[Round "9"]
[White "Poulsen, Iver"]
[Black "Mikalsen, Erlend"]
[Result "0-1"]
[WhiteElo "2133"]
[BlackElo "2292"]
[EventDate "2018.07.21"]
[WhiteFideId "1405110"]
[BlackFideId "1507338"]

1.e4 c5 2.Nc3 Nc6 3.Nf3 g6 4.d4 cxd4 5.Nxd4 Bg7 6.Be3 Nf6 7.f3 O-O 8.g4 
Qb6 9.Rb1 Nxg4 10.fxg4 Nxd4 11.Nd5 Qe6 12.Bg2 Nc6 13.Nc7 Qe5 14.Nxa8 Qb8 
15.Nb6 axb6 16.O-O b5 17.a3 d6 18.h3 Be6 19.c3 Ne5 20.Bd4 Rc8 21.Rf2 Qc7 
22.Ra1 Bf6 23.a4 Bh4 24.axb5 Bxf2+ 25.Bxf2 Qc4 26.b6 Nd3 27.Bf1 Nxf2 28.
Bxc4 Nxd1 29.Bxe6 fxe6 30.Rxd1 Rc6 0-1

[Event "Xtracon Chess Open 2018"]
[Site "Elsinore"]
[Date "2018.07.28"]
[Round "9"]
[White "Thuesen, Mogens"]
[Black "Rewitz, Poul"]
[Result "0-1"]
[WhiteElo "2139"]
[BlackElo "2289"]
[EventDate "2018.07.21"]
[WhiteFideId "1400878"]
[BlackFideId "1401033"]

1.d4 Nf6 2.c4 g6 3.Nc3 d5 4.Nf3 Bg7 5.Qb3 dxc4 6.Qxc4 Nc6 7.d5 Na5 8.Qa4+ 
c6 9.e4 O-O 10.Be3 Bd7 11.Rd1 Ng4 12.Bc5 b6 13.dxc6 Nxc6 14.Ba3 Nd4 15.Nb5
Nxf3+ 16.gxf3 Ne5 17.Qb3 a6 18.f4 Nc6 19.Bh3 axb5 20.Rxd7 Qb8 21.e5 Ra4 
22.O-O Rxf4 23.Bxe7 Nxe7 24.Rxe7 Qd8 25.Qa3 Rh4 26.Bg2 b4 27.Qa7 Qd4 28.
Re1 Rh5 29.Qc7 Rg5 30.h3 Qd5 31.f3 Qd2 0-1

[Event "Xtracon Chess Open 2018"]
[Site "Elsinore"]
[Date "2018.07.28"]
[Round "9"]
[White "Mejvik, Jacob"]
[Black "Jorgensen, Brian"]
[Result "1-0"]
[WhiteElo "2099"]
[BlackElo "2281"]
[EventDate "2018.07.21"]
[WhiteFideId "1710621"]
[BlackFideId "1401599"]

1.Nf3 d6 2.d4 f5 3.g3 Nf6 4.Bg2 g6 5.O-O Bg7 6.b3 O-O 7.Bb2 Ne4 8.Nbd2 
Nxd2 9.Qxd2 Nc6 10.Rad1 Qe8 11.c4 e5 12.dxe5 dxe5 13.Ba3 Rf7 14.Ng5 Rd7 
15.Bd5+ Kh8 16.Qe3 Nd8 17.Bb2 c6 18.Bg2 h6 19.Nf3 Re7 20.Rd6 Kh7 21.Nh4 
Re6 22.Rfd1 Nf7 23.R6d2 Qh8 24.b4 Qe8 25.Qb3 a5 26.b5 Bf6 27.a4 Bxh4 28.
gxh4 Qe7 29.h5 gxh5 30.Kh1 Qb4 31.Qc2 Rg6 32.f4 Be6 33.bxc6 Rag8 34.e4 
bxc6 35.exf5 Bxf5 36.Qxf5 Qxc4 37.fxe5 Qe6 38.Qxe6 Rxe6 39.Be4+ Kg7 40.Bf5
Ree8 1-0

[Event "Xtracon Chess Open 2018"]
[Site "Elsinore"]
[Date "2018.07.28"]
[Round "9"]
[White "Baum, Bernd"]
[Black "Niese, Holger"]
[Result "1-0"]
[WhiteElo "2280"]
[BlackElo "2140"]
[EventDate "2018.07.21"]
[WhiteFideId "4611853"]
[BlackFideId "4697057"]

1.Nf3 Nf6 2.c4 c6 3.g3 d5 4.Bg2 Bf5 5.cxd5 cxd5 6.Qb3 Qc7 7.Nc3 e6 8.d3 
Nc6 9.O-O Be7 10.Bf4 Qc8 11.Nb5 O-O 12.Rfc1 Qd7 13.Nbd4 Nxd4 14.Nxd4 Rac8 
15.Nxf5 exf5 16.Rxc8 Rxc8 17.Rc1 Rxc1+ 18.Bxc1 h6 19.Bf4 b5 20.Qc2 Ne8 21.
h4 Kh7 22.Qb3 Nf6 23.Be5 Ng4 24.Bd4 Bf6 25.Bc5 d4 26.Qd5 Qc8 27.b4 Kg8 28.
Qc6 Qb8 29.Qa8 Be5 30.Bxa7 Qxa8 31.Bxa8 f4 32.gxf4 Bxf4 33.Bc6 Bd2 34.a3 
Bc1 35.Bxd4 Bxa3 36.Bc3 h5 37.Bxb5 Kf8 38.Bc6 Ke7 39.Bf3 Nh6 40.e4 g6 41.
d4 Kd7 42.e5 Nf5 43.Bd5 Nxh4 44.Bxf7 Ke7 45.Bd5 Nf5 46.Be4 1-0

[Event "Xtracon Chess Open 2018"]
[Site "Elsinore"]
[Date "2018.07.28"]
[Round "9"]
[White "Kizatbay, Abyl"]
[Black "O`Gorman, Tom"]
[Result "0-1"]
[WhiteElo "2088"]
[BlackElo "2280"]
[EventDate "2018.07.21"]
[WhiteFideId "1521853"]
[BlackFideId "2508249"]

1.e4 c5 2.Nf3 d6 3.Bb5+ Bd7 4.Bxd7+ Nxd7 5.O-O Ngf6 6.Qe2 Rc8 7.d3 g6 8.
Nc3 Bg7 9.Bg5 O-O 10.Nd2 Ne5 11.f4 Nc6 12.Rae1 Nd4 13.Qd1 b5 14.Nf3 h6 15.
Bh4 b4 16.Nd5 Nxd5 17.exd5 Nf5 18.Bf2 Bxb2 19.g4 Ng7 20.f5 Ne8 21.g5 gxf5 
22.Nh4 hxg5 23.Nxf5 e6 24.dxe6 fxe6 25.Nh6+ Kg7 26.Rxe6 Nc7 27.Re3 Kxh6 
28.Kh1 Qd7 29.h4 Nd5 30.Rg3 Be5 31.Rg2 Qh3+ 32.Kg1 Ne3 0-1

[Event "Xtracon Chess Open 2018"]
[Site "Elsinore"]
[Date "2018.07.28"]
[Round "9"]
[White "Storme, Isak"]
[Black "Klings, Peter"]
[Result "1-0"]
[WhiteElo "2277"]
[BlackElo "2102"]
[EventDate "2018.07.21"]
[WhiteFideId "1728113"]
[BlackFideId "4631234"]

1.d4 Nf6 2.Nf3 g6 3.c4 Bg7 4.Nc3 O-O 5.e4 d6 6.Be2 c5 7.d5 e6 8.O-O exd5 
9.cxd5 Bg4 10.Bf4 a6 11.a4 Nh5 12.Bg5 Bf6 13.Be3 Nd7 14.h3 Bxf3 15.Bxf3 
Ng7 16.Qd2 Qa5 17.Ra3 Rae8 18.g4 Ne5 19.Be2 Qb4 20.g5 Bd8 21.Qc2 Nc4 22.
Bxc4 Qxc4 23.a5 Bxa5 24.Rxa5 b5 25.b3 Qb4 26.Rxa6 f5 27.gxf6 Nh5 28.Na2 
Qxe4 29.Qxe4 Rxe4 30.Rxd6 c4 31.Nc3 Ree8 32.b4 Nxf6 33.Nxb5 Rb8 34.Nc3 
Rxb4 35.Bh6 1-0

[Event "Xtracon Chess Open 2018"]
[Site "Elsinore"]
[Date "2018.07.28"]
[Round "9"]
[White "Laubsch, Bernd"]
[Black "Besq, Alexander Le"]
[Result "1-0"]
[WhiteElo "2269"]
[BlackElo "2097"]
[EventDate "2018.07.21"]
[WhiteFideId "4663314"]
[BlackFideId "1437089"]

1.e4 c5 2.Nf3 d6 3.d4 cxd4 4.Nxd4 Nf6 5.Nc3 g6 6.Be3 Bg7 7.f3 O-O 8.Qd2 
Nc6 9.Bc4 Bd7 10.Bb3 Qa5 11.h4 h5 12.O-O-O Rfc8 13.Kb1 Ne5 14.Bg5 Nc4 15.
Bxc4 Rxc4 16.Bxf6 exf6 17.Nb3 Qe5 18.Qxd6 Be6 19.Qxe5 fxe5 20.Rd3 Kf8 21.
Rhd1 Rac8 22.Rd8+ Ke7 23.Rxc8 Rxc8 24.Nd5+ Kf8 25.c3 f5 26.g3 Bh6 27.Kc2 
Kg7 28.Kd3 b6 29.Nd2 Rf8 30.Nc4 fxe4+ 31.Kxe4 Rxf3 32.Kxf3 Bg4+ 33.Ke4 
Bxd1 34.Kxe5 Bc2 35.Nd6 Bb1 36.Nc8 Bc1 37.b4 Bxa2 38.Nxa7 Bxd5 39.Kxd5 Bd2
40.Ke4 Bxc3 41.b5 Be1 42.Kf4 Kf6 43.Nc8 Bd2+ 44.Ke4 Be1 45.Nxb6 Bxg3 46.
Nd5+ Kf7 47.b6 Bb8 48.Nc7 g5 49.hxg5 Kg6 50.Ne6 h4 51.b7 h3 52.Nf4+ Kxg5 
53.Nxh3+ Kf6 54.Kd5 Ke7 55.Kc6 Kd8 56.Ng5 Ke7 57.Ne4 Kd8 58.Nc5 Bh2 59.
Ne6+ 1-0

[Event "Xtracon Chess Open 2018"]
[Site "Elsinore"]
[Date "2018.07.28"]
[Round "9"]
[White "Svane, Frederik"]
[Black "Colbow, Collin"]
[Result "1-0"]
[WhiteElo "2266"]
[BlackElo "2055"]
[EventDate "2018.07.21"]
[WhiteFideId "12923044"]
[BlackFideId "16201132"]

1.e4 e5 2.Nf3 Nc6 3.Bb5 Bc5 4.O-O Nd4 5.Nxd4 exd4 6.Bc4 d6 7.d3 c6 8.a4 
Nf6 9.h3 d5 10.exd5 Nxd5 11.Nd2 O-O 12.Ne4 Bb6 13.Qf3 Bc7 14.Bg5 Qd7 15.
Bd2 a5 16.Rfe1 b6 17.Ng3 Qd6 18.Re4 Bd7 19.Rxd4 Qc5 20.c3 Be6 21.Re4 b5 
22.Ba2 Nf6 23.Ree1 bxa4 24.Be3 Qb5 25.Bd4 Bxa2 26.Rxa2 Rfe8 27.Raa1 Qd5 
28.Bxf6 Rxe1+ 29.Rxe1 Qxf3 30.gxf3 gxf6 31.Nh5 Bd6 32.Nxf6+ Kf8 33.Nd7+ 
Kg7 34.Nb6 Rb8 35.Nxa4 Rb5 36.Re4 Kf6 37.Rc4 Rg5+ 38.Kf1 c5 39.Nb6 Rf5 40.
Ke2 Rh5 41.h4 Kg6 42.Rg4+ Kf5 43.Nd5 Rh6 44.Re4 Kg6 45.Ra4 Kf5 46.Ne3+ Ke6
47.Rxa5 Rxh4 48.Ra6 Rh5 49.Nc4 Rd5 50.b4 cxb4 51.cxb4 1-0

[Event "Xtracon Chess Open 2018"]
[Site "Elsinore"]
[Date "2018.07.28"]
[Round "9"]
[White "Heimisson, Hilmir Freyr"]
[Black "Acikel, Mert"]
[Result "1-0"]
[WhiteElo "2241"]
[BlackElo "2040"]
[EventDate "2018.07.21"]
[WhiteFideId "2309998"]
[BlackFideId "12956465"]

1.d4 d5 2.c4 e6 3.Nc3 Nf6 4.cxd5 exd5 5.Bg5 Be7 6.e3 c6 7.Qc2 Nbd7 8.Bd3 
O-O 9.Nf3 Re8 10.O-O Nf8 11.h3 Be6 12.Rab1 Rc8 13.b4 N6d7 14.Bxe7 Qxe7 15.
Na4 b6 16.Rfc1 f6 17.a3 b5 18.Nc5 Nxc5 19.bxc5 Qc7 20.a4 a6 21.Ra1 Ra8 22.
Rcb1 Reb8 23.Ra2 Ra7 24.Qb2 Rba8 25.Rba1 Qb8 26.Nd2 Ng6 27.Qb1 Kf7 28.f4 
Ne7 29.Nf3 bxa4 30.Rxa4 Qxb1+ 31.Rxb1 Bf5 32.Bxf5 Nxf5 33.Kf2 Ke6 34.Ra5 
Kd7 35.Ne1 Kc7 36.g4 Ne7 37.Rba1 Nc8 38.Kf3 g6 39.Nd3 Rb7 40.Rxa6 Rxa6 41.
Rxa6 Rb3 42.Nf2 Rb1 43.h4 Kb7 44.Ra2 Rh1 1-0

[Event "Xtracon Chess Open 2018"]
[Site "Elsinore"]
[Date "2018.07.28"]
[Round "9"]
[White "Christiansen, Arne"]
[Black "Haugli, Petter"]
[Result "0-1"]
[WhiteElo "2032"]
[BlackElo "2231"]
[EventDate "2018.07.21"]
[WhiteFideId "1402013"]
[BlackFideId "1500104"]

1.d4 Nf6 2.Nf3 g6 3.g3 Bg7 4.Bg2 O-O 5.O-O d6 6.c4 Nc6 7.Nc3 Bf5 8.b3 Ne4 
9.Bb2 Nxc3 10.Bxc3 Be4 11.Qd2 d5 12.e3 Qd7 13.Rfd1 e6 14.Ne1 Bxg2 15.Nxg2 
Rfd8 16.cxd5 exd5 17.Nf4 Ne7 18.Rac1 Nf5 19.Bb4 c6 20.Kg2 h5 21.a4 Re8 22.
Re1 Rac8 23.Qd3 h4 24.Qd1 Bh6 25.Kh1 hxg3 26.hxg3 Bxf4 27.gxf4 Nh4 28.Kh2 
Kg7 29.Rh1 Rh8 30.Kg3 Nf5+ 31.Kf3 Rxh1 32.Qxh1 Qe6 33.Qd1 Qe4+ 34.Ke2 Rh8 
35.Qd3 Ng3+ 36.Kd2 Rh2 37.Qxe4 Nxe4+ 38.Ke2 Rxf2+ 39.Kd3 Rb2 0-1